Statistiques concernant Mario et Luigi : les frères du temps, les ennemis

Cliquez ici pour prendre le quiz!

Statistiques générales

  • Ce quiz a été pris 30 fois
  • Le résultat moyen est 9 sur 63

Statistiques - réponses

Lieux% Correct
Volcan des ThwompBowser
92%
Château de Bowser / SouterrainGoomba
68%
Village Holi-JoliXhampi
68%
Château de Peach (passé) / Volcan des ThwompBébé Bowser
48%
Château XhampiPrincesse Xhampi
48%
Château XhampiPrincesse Xhampi
48%
Château de BowserBoo
44%
Ile des YoshiKamek
40%
Colline EtoileGénéral Xhampi
28%
Centrale XhampiDr Xhampi
20%
Grottes du désertFlora Piranha
20%
Château de Peach (présent)Jeune Xhampi
20%
Temple EtoileVieux Xhampoïde
20%
Village des ToadXhampoïde
20%
Désert des statuesBébé Xhampoïde
16%
Désert des statuesBob-omb
16%
Forêt ToadboisBoo Maskass
16%
Centrale XhampiFrères Marto
16%
Vaisseau mère XhampiGarde Xhampi
16%
Forêt ToadboisKoopaléon
16%
Centrale XhampiXhwiggler
16%
Château XhampiBulle d'âme
12%
Village des ToadBulle d'amour
12%
Village Holi-JoliMini-Xhampi
12%
Temple EtoilePlanète Piranha
12%
Désert des statuesPokey
12%
Ventre de YoobSkelerex
12%
Ventre de YoobTêtedoeuf
12%
Ile des YoshiCocomaso
8%
Volcan des ThwompCocomaso rouge
8%
Château XhampiGrand Xhampi
8%
Colline EtoileHélico Maskass
8%
Volcan des ThwompKoopaléon doré
8%
Volcan des ThwompMme Thwomp
8%
Château XhampiPetit Xhampi
8%
Volcan des ThwompPyroxhampi
8%
Volcan des ThwompRatonos
8%
Colline EtoileRenfort Xhampi
8%
Ventre de YoobTéléxhampi
8%
Centrale XhampiXhampik
8%
Château de Peach (présent)Xhowser
8%
Grottes du désertBoo Noctal
4%
Forêt ToadboisElasto-Piranha
4%
Ventre de YoobEltorro
4%
Centrale XhampiLakitovni
4%
Château de BowserMaskass Boom
4%
Grottes du désertMaskass d'élite
4%
Ventre de YoobOeuf
4%
Temple EtoileSuper Thwack
4%
Volcan des ThwompThwack
4%
Château XhampiXhatonos
4%
Château XhampiDodorbe
0%
Château XhampiDracox
0%
Château XhampiLétal Bob-omb
0%
Colline EtoileMainnoire
0%
Ile des YoshiNebulantula
0%
Ile des YoshiPidgit
0%
Village des ToadPokeyrex
0%
Grottes du désertSarcosnifit
0%
Château XhampiSombre Maskass
0%
Volcan des ThwompTotem Thwack
0%
Colline EtoileXhamp-omb
0%
Désert des statuesXhaphandrier
0%

Distribution des résultats

Percentile par nombre de réponses

% des personnes avec chaque résultat

Votre développement - résultats

Vous n’avez pas pris ce quiz